Vademecum internacional : (Record no. 190961)

MARC details
000 -LEADER
campo de control de longitud fija 00599cam a2200193 i 4500
001 - NÚMERO DE CONTROL
campo de control 190961
003 - IDENTIFICADOR DE NÚMERO DE CONTROL
campo de control ES-MaACL
005 - FECHA Y HORA DE LA ÚLTIMA TRANSACCIÓN
campo de control 20230906223905.0
008 - DATOS DE LONGITUD FIJA--INFORMACIÓN GENERAL
campo de control de longitud fija 220905s1995 sp 001 0 spa d
020 ## - NÚMERO INTERNACIONAL ESTÁNDAR DEL LIBRO
Número Internacional Estándar del Libro 8489327009
040 ## - FUENTE DE CATALOGACIÓN
Centro catalogador/agencia de origen uned.
Lengua de catalogación spa.
Centro/agencia transcriptor uned
080 ## - NÚMERO DE LA CLASIFICACIÓN DECIMAL UNIVERSAL
Número de la Clasificación Decimal Universal 615(085)
245 00 - MENCIÓN DEL TÍTULO
Título Vademecum internacional :
Resto del título V-I : especialidades farmacéuticas : productos y artículos de parafarmacia : métodos de diagnóstico.
250 ## - MENCION DE EDICION
Mención de edición 36 ed.
260 ## - PUBLICACIÓN, DISTRIBUCIÓN, ETC.
Lugar de publicación, distribución, etc. Madrid :
Nombre del editor, distribuidor, etc. Medicom,
Fecha de publicación, distribución, etc. 1995.
300 ## - DESCRIPCIÓN FÍSICA
Extensión 1 v. (pag. var.)
650 #4 - PUNTO DE ACCESO ADICIONAL DE MATERIA--TÉRMINO DE MATERIA
Término de materia o nombre geográfico como elemento de entrada Medicamentos.
9 (RLIN) 14884
852 ## - LOCALIZACIÓN
Ubicación ES-MaACL
Número de control de estantería VAD 615(085) "1995"
Holdings
Estatus retirado Estado de pérdida Estado de daño No para préstamo Biblioteca de origen Biblioteca actual Ubicación en estantería Fecha de adquisición Total de préstamos Signatura topográfica completa Código de barras Visto por última vez Precio de reemplazo Tipo de ítem Koha
        Biblioteca del Ateneo de Madrid Biblioteca del Ateneo de Madrid Sala Pecera Referencia 05/09/2022   VAD 615 "1995 1203266 23/02/2023 23/02/2023 Libro impreso